| 000 | 00872nam a22002417a 4500 | ||
|---|---|---|---|
| 005 | 20240530110436.0 | ||
| 008 | 150328s2012 ua f 000 0 ara d | ||
| 017 |
_a2012/1880 _bمصر . دار الكتب المصرية |
||
| 020 | _a9789770931042 | ||
| 040 | _aEG-CaGPL | ||
| 082 | 0 | 4 |
_221 _a303.4 _bق/ع هـ |
| 100 | 0 | _aعلاء الاسوانى | |
| 245 | 1 | 0 |
_aهل اخطأت الثورة المصرية ؟ / _cعلاء الاسوانى |
| 250 | _aط2 | ||
| 260 |
_aالقاهرة : _bدار الشروق ، _c2012 |
||
| 300 |
_a244 ص ؛ _c24 سم |
||
| 600 | 0 | 4 |
_aعلاء الاسوانى _xمقالات |
| 600 | 0 | 4 |
_aعلاء الاسوانى _yثورة 25 يناير |
| 650 | 0 | 4 |
_aثورة 25 يناير _xمقالات |
| 651 | 0 | 4 |
_aمصر _xتاريخ _xالاحوال السياسية |
| 942 |
_2ddc _cBK |
||
| 999 |
_c60945 _d60945 |
||